Cities by suburb: Canada - Statistics

General Stats
  • This quiz has been taken 31 times
    27 since last reset
  • The average score is 7 of 14
Answer Stats
Hint Answer % Correct
Monkland Village, Roxboro, Saint-Justin, Griffintown Montreal
88%
Vanier, Gatineau, Plateau, Urbandale Ottawa
83%
Corktown, Cabbagetown, Greektown, Thistletown Toronto
79%
Red Carpet, Tuscany, Citadel, Cityscape Calgary
58%
Bonnie Doon, Queen Alexandra, Oliver, Dickinsfield Edmonton
58%
Saint Boniface, Saint Vital, Saint George, Tuxedo Winnipeg
58%
Westminster, Hyde Park, North London London
54%
Dieppe, Core, Boot Hill, Qu'appelle Village Regina
50%
Hydrostone, Boulderwood, Sherwood Park Halifax
46%
Quidi Vidi, Pippy Park, Bally Haly St John's
38%
Uplands, Gonzales, Colquitz, Quadra Victoria
29%
Current River, Jumbo Gardens, West Fort William Thunder Bay
21%
The P Patch, Fort Creek, Steelton Sault Ste. Marie
8%
Moon Glow, Little Britain, The Donovan, Flour Mill Sudbury
8%
No matching quizzes found
Score Distribution
Percent of People with Each Score
Percentile by Number Answered
Your Score History
You have not taken this quiz since the last reset